Psalms now / (Record no. 3694)

MARC details
000 -LEADER
fixed length control field 00832cam a2200253 a 4500
001 - CONTROL NUMBER
control field 3051829
003 - CONTROL NUMBER IDENTIFIER
control field GBCCL
005 - DATE AND TIME OF LATEST TRANSACTION
control field 20241126110501.0
008 - FIXED-LENGTH DATA ELEMENTS--GENERAL INFORMATION
fixed length control field 960329s1996 mou b 000 0 eng
010 ## -
-- 96014857
020 ## - INTERNATIONAL STANDARD BOOK NUMBER
International Standard Book Number 0570042577
040 ## - CATALOGING SOURCE
Original cataloging agency DLC
Transcribing agency DLC
Modifying agency DLC
050 00 -
-- BS1440
-- .B73 1996
082 00 - DEWEY DECIMAL CLASSIFICATION NUMBER
Classification number 223.205209
Edition information 20
Item number BRA
100 1# - MAIN ENTRY--PERSONAL NAME
Personal name Brandt, Leslie F.
9 (RLIN) 7319
245 10 - TITLE STATEMENT
Title Psalms now /
Statement of responsibility, etc. Leslie F. Brandt.
260 ## - PUBLICATION, DISTRIBUTION, ETC.
Place of publication, distribution, etc. St. Louis, MO :
Name of publisher, distributor, etc. Concordia Pub. House,
Date of publication, distribution, etc. c1996.
300 ## - PHYSICAL DESCRIPTION
Extent 220 p. ;
Dimensions 21 cm.
504 ## - BIBLIOGRAPHY, ETC. NOTE
Bibliography, etc. note Includes bibliographical references (p. 11).
650 00 - SUBJECT ADDED ENTRY--TOPICAL TERM
Source of heading or term Bible.
Topical term or geographic name entry element Psalms
Topical term following geographic name entry element Paraphrases, English.
9 (RLIN) 7521
906 ## - LOCAL DATA ELEMENT F, LDF (RLIN)
a 7
b cbc
c orignew
d 1
e ocip
f 19
g y-gencatlg
942 ## - ADDED ENTRY ELEMENTS (KOHA)
Source of classification or shelving scheme Dewey Decimal Classification
Koha item type Books
Koha issues (borrowed), all copies 1
Holdings
Withdrawn status Lost status Source of classification or shelving scheme Damaged status Not for loan Home library Current Library Shelving location Date acquired Total checkouts Full call number Barcode Date last seen Copy number Price effective from Koha item type Date last checked out
    Dewey Decimal Classification     GRACE BIBLE COLLEGE GRACE BIBLE COLLEGE Biblical Studies 2017-12-05   223.205209 BRA 008495 2025-05-01 c.2 2017-12-05 Books  
    Dewey Decimal Classification     GRACE BIBLE COLLEGE GRACE BIBLE COLLEGE Biblical Studies 2018-01-15 1 223.205209 BRA 008493 2025-05-01 c.1 2018-01-15 Books 2024-11-13
© Grace Bible College Library 2025